000
00328nam a2200133Ia 4500
005
20251222175924.0
008
251222s9999||||xx |||||||||||||| ||spa||
020
_a
8423416682
082
_a
658.15/S31
100
_a
Scott, Mark C.
245
0
_a
EL Proceso de Creación de Valor en la Empresa
264
_b
Deusto
942
_c
LIB
999
_c
40787
_d
40787